Most Spoken Languages in Maryland - Statistics

General Stats
  • This quiz has been taken 403 times
  • The average score is 12 of 18
Answer Stats
# Speakers Language % Correct
345,308 Spanish
100%
55,888 Chinese
95%
58,705 French
94%
22,225 German
88%
9,697 Portuguese
85%
12,433 Arabic
81%
19,892 Russian
80%
11,733 Italian
78%
38,906 Korean
78%
17,036 Hindi
75%
19,140 Vietnamese
63%
10,211 Greek
53%
27,782 Tagalog
52%
11,942 Urdu
48%
11,308 Persian
47%
18,343 Amharic
29%
30,288 Igbo | Kru | Yoruba
24%
9,725 Gujarati
20%
No matching quizzes found
Score Distribution
Percent of People with Each Score
Percentile by Number Answered
Your Score History
You have not taken this quiz